[Event "UZB-ch U20"]
[Site "Tashkent"]
[Date "2010.09.17"]
[Round "13"]
[White "Ohunov, Bobur"]
[Black "Vakhidov, Nodir"]
[Result "0-1"]
[WhiteElo "2173"]
[BlackElo "2134"]
[PlyCount "54"]
[EventDate "2010.09.05"]
[EventType "tourn"]
[EventRounds "13"]
[EventCountry "UZB"]
[SourceTitle "CBM 138 Extra"]
[Source "ChessBase"]
[SourceDate "2010.10.29"]
[SourceVersion "1"]
[SourceVersionDate "2010.10.29"]
[SourceQuality "1"]

1. e4 c5 2. Nc3 Nc6 3. g3 e5 4. Bg2 g6 5. Nh3 Bg7 6. 0-0 Nge7 7. f4 d6 8. f5 f6 9. d3 Nd4 10. Rf2 Bd7 11. g4 Qc7 12. Ne2 Nxe2+ 13. Qxe2 0-0-0 14. Bd2 h5 15. g5 gxf5 16. exf5 Bxf5 17. gxf6 Bxf6 18. Rxf5 Nxf5 19. Qf2 Qd7 20. Rf1 Nh4 21. Qxf6 Nxg2 22. Ng5 Nf4 23. Bxf4 Rdf8 24. Bxe5 Rxf6 25. Bxf6 Rg8 26. Kh1 Qc6+ 27. Ne4 d5 0-1

[Event "UZB-ch U20"]
[Site "Tashkent"]
[Date "2010.09.09"]
[Round "5"]
[White "Aripov, Iskandar"]
[Black "Vakhidov, Nodir"]
[Result "0-1"]
[WhiteElo "2100"]
[BlackElo "2134"]
[PlyCount "122"]
[EventDate "2010.09.05"]
[EventType "tourn"]
[EventRounds "13"]
[EventCountry "UZB"]
[SourceTitle "CBM 138 Extra"]
[Source "ChessBase"]
[SourceDate "2010.10.29"]
[SourceVersion "1"]
[SourceVersionDate "2010.10.29"]
[SourceQuality "1"]

1. e4 c5 2. Nf3 Nc6 3. d4 cxd4 4. Nxd4 g6 5. Nc3 Bg7 6. Be3 Nf6 7. Bc4 0-0 8. Bb3 a5 9. f3 e6 10. Nxc6 dxc6 11. Qe2 b5 12. a4 b4 13. Nd1 Qc7 14. 0-0 Nd7 15. f4 c5 16. f5 exf5 17. exf5 Bb7 18. fxg6 hxg6 19. Bf4 Qc6 20. Ne3 Rae8 21. Rf2 Nf6 22. Rd1 Rd8 23. Rxd8 Rxd8 24. Bg5 Rf8 25. Bxf6 Bxf6 26. Nd5 Bd8 27. Qg4 Kg7 28. Bc4 Qd6 29. Nf4 Qe5 30. b3 Bf6 31. Qe2 Qxe2 32. Rxe2 Rd8 33. Nd3 Bc6 34. Kf1 Bd4 35. Re7 Rd7 36. Rxd7 Bxd7 37. h3 g5 38. Ke2 f5 39. Bb5 Bc8 40. Bc6 Kf6 41. Bd5 Ke7 42. Kf3 Kd6 43. Ba8 Be6 44. Bb7 c4 45. bxc4 Bxc4 46. Ke2 b3 47. cxb3 Bxb3 48. Bc8 f4 49. Ne1 Bxa4 50. Nf3 Bb5+ 51. Kd2 Bf6 52. Bf5 a4 53. Kc2 Bf1 54. Be4 Kc5 55. Nd2 Bb5 56. Bg6 Kd4 57. Bf7 Ke3 58. Nc4+ Kf2 59. Nd6 Bc6 60. Be8 Bxe8 61. Nxe8 Bd8 0-1

[Event "UZB-ch U20"]
[Site "Tashkent"]
[Date "2010.09.08"]
[Round "4"]
[White "Vakhidov, Nodir"]
[Black "Khamroev, Ravshan"]
[Result "0-1"]
[WhiteElo "2134"]
[BlackElo "2242"]
[PlyCount "78"]
[EventDate "2010.09.05"]
[EventType "tourn"]
[EventRounds "13"]
[EventCountry "UZB"]
[SourceTitle "CBM 138 Extra"]
[Source "ChessBase"]
[SourceDate "2010.10.29"]
[SourceVersion "1"]
[SourceVersionDate "2010.10.29"]
[SourceQuality "1"]

1. d4 f5 2. Nf3 Nf6 3. g3 g6 4. c4 Bg7 5. Bg2 0-0 6. Nc3 d6 7. 0-0 Qe8 8. d5 Na6 9. Rb1 Bd7 10. b4 c6 11. dxc6 bxc6 12. b5 cxb5 13. cxb5 Nc5 14. a4 Rb8 15. Nd4 Nfe4 16. Nxe4 Nxe4 17. Bb2 Qf7 18. Rc1 a6 19. Rc7 Rfd8 20. Qa1 axb5 21. Nxb5 Nf6 22. Nd4 Bxa4 23. Bc3 Bd7 24. Nc6 Bxc6 25. Bxc6 Ne8 26. Bxe8 Rxe8 27. Bxg7 Qxg7 28. Qa7 Qe5 29. e3 Rb2 30. Qa4 Kf7 31. Qc4+ d5 32. Qc5 Reb8 33. Rd7 R8b5 34. Qc8 Rb1 35. Rd8 Rxf1+ 36. Kxf1 Rb1+ 37. Kg2 Qe4+ 38. f3 Rb2+ 39. Kh3 Qxf3 0-1

[Event "UZB-ch U20"]
[Site "Tashkent"]
[Date "2010.09.05"]
[Round "1"]
[White "Vakhidov, Nodir"]
[Black "Gubaydulin, Talgat"]
[Result "0-1"]
[WhiteElo "2134"]
[BlackElo "2273"]
[PlyCount "46"]
[EventDate "2010.09.05"]
[EventType "tourn"]
[EventRounds "13"]
[EventCountry "UZB"]
[SourceTitle "CBM 138 Extra"]
[Source "ChessBase"]
[SourceDate "2010.10.29"]
[SourceVersion "1"]
[SourceVersionDate "2010.10.29"]
[SourceQuality "1"]

1. c4 e5 2. Nc3 Nf6 3. g3 Bb4 4. Bg2 0-0 5. e4 Bxc3 6. bxc3 c6 7. Ba3 Re8 8. Qb3 Na6 9. Ne2 Nc7 10. 0-0 d5 11. cxd5 cxd5 12. exd5 Ncxd5 13. d4 e4 14. c4 Nb6 15. d5 Bg4 16. Nd4 Qd7 17. Rfe1 Bh3 18. Bh1 Qg4 19. Re3 Rac8 20. Rc3 e3 21. f4 e2 22. Re1 Ne4 23. Re3 Nd2 0-1

[Event "Brunei IM-A"]
[Site "Bandar Seri Begawan"]
[Date "2010.07.29"]
[Round "8"]
[White "Vakhidov, Nodir"]
[Black "Sukandar, Irine Kharisma"]
[Result "1/2-1/2"]
[WhiteElo "2134"]
[BlackElo "2311"]
[PlyCount "55"]
[EventDate "2010.07.26"]
[EventType "tourn"]
[EventRounds "9"]
[EventCountry "BRN"]
[EventCategory "2"]
[SourceTitle "CBM 137 Extra"]
[Source "ChessBase"]
[SourceDate "2010.09.01"]
[SourceVersion "1"]
[SourceVersionDate "2010.09.01"]
[SourceQuality "1"]

1. d4 Nf6 2. c4 e6 3. Nc3 Bb4 4. Qc2 0-0 5. Bg5 c5 6. e3 d6 7. a3 Bxc3+ 8. Qxc3 Nbd7 9. Ne2 b6 10. Qc2 Bb7 11. Rd1 Qe7 12. Nc3 Rac8 13. d5 a6 14. a4 Rfe8 15. Be2 h6 16. Bh4 exd5 17. cxd5 c4 18. Rd4 Rc5 19. Bxc4 Rec8 20. Qe2 Ne5 21. Bb3 Ng6 22. Bg3 Qd7 23. 0-0 Re8 24. h3 Ne7 25. e4 Nf5 26. Rd3 a5 27. Rd2 Nxg3 28. fxg3 1/2-1/2

[Event "Brunei IM-A"]
[Site "Bandar Seri Begawan"]
[Date "2010.07.28"]
[Round "6"]
[White "Vakhidov, Nodir"]
[Black "Barbosa, Oliver"]
[Result "0-1"]
[WhiteElo "2134"]
[BlackElo "2458"]
[PlyCount "88"]
[EventDate "2010.07.26"]
[EventType "tourn"]
[EventRounds "9"]
[EventCountry "BRN"]
[EventCategory "2"]
[SourceTitle "CBM 137 Extra"]
[Source "ChessBase"]
[SourceDate "2010.09.01"]
[SourceVersion "1"]
[SourceVersionDate "2010.09.01"]
[SourceQuality "1"]

1. c4 e6 2. d4 Nf6 3. Nc3 c5 4. Nf3 d5 5. cxd5 Nxd5 6. e4 Nxc3 7. bxc3 Be7 8. Bb5+ Nd7 9. 0-0 0-0 10. a4 Nf6 11. Re1 Bd7 12. Qb3 Bxb5 13. Qxb5 Qd7 14. Rb1 Qxb5 15. Rxb5 b6 16. Ne5 Rfc8 17. Ba3 Bd6 18. Nd3 Nd7 19. dxc5 a6 20. Rbb1 Bxc5 21. Bxc5 Nxc5 22. Nxc5 Rxc5 23. Rxb6 Rxc3 24. f3 g5 25. Reb1 Kg7 26. R1b2 Ra3 27. R6b4 Rc8 28. Kf2 Rc5 29. Rd2 Kg6 30. Kg3 h5 31. Kf2 Rc1 32. Ke2 Rg1 33. Kf2 Rga1 34. g3 Rxa4 35. Rxa4 Rxa4 36. Rd8 Ra2+ 37. Kg1 Kg7 38. Ra8 a5 39. h3 Kf6 40. Rb8 a4 41. Rb5 a3 42. Ra5 Ke7 43. g4 h4 44. Ra6 Kd7 0-1

[Event "Brunei IM-A"]
[Site "Bandar Seri Begawan"]
[Date "2010.07.26"]
[Round "2"]
[White "Vakhidov, Nodir"]
[Black "Nguyen, Van Huy"]
[Result "1/2-1/2"]
[WhiteElo "2134"]
[BlackElo "2426"]
[PlyCount "62"]
[EventDate "2010.07.26"]
[EventType "tourn"]
[EventRounds "9"]
[EventCountry "BRN"]
[EventCategory "2"]
[SourceTitle "CBM 137 Extra"]
[Source "ChessBase"]
[SourceDate "2010.09.01"]
[SourceVersion "1"]
[SourceVersionDate "2010.09.01"]
[SourceQuality "1"]

1. d4 Nf6 2. c4 g6 3. Nc3 Bg7 4. e4 d6 5. f3 0-0 6. Be3 Nc6 7. Qd2 a6 8. Nge2 Rb8 9. 0-0-0 b5 10. Bh6 bxc4 11. h4 e5 12. d5 Bxh6 13. Qxh6 Na5 14. h5 Bd7 15. g4 Qe7 16. Ng3 Be8 17. g5 Nd7 18. Bh3 Nc5 19. Nf5 gxf5 20. Bxf5 f6 21. gxf6 Rxf6 22. Bxh7+ Qxh7 23. Qxf6 Qf7 24. Rdg1+ Kh7 25. Qg6+ Qxg6 26. hxg6+ Kg7 27. Rh7+ Kf6 28. Rh6 Kg7 29. Rh7+ Kf6 30. Rh6 Bd7 31. Rh7 Be8 1/2-1/2

[Event "UZB-ch U20"]
[Site "Navbahor"]
[Date "2009.09.16"]
[Round "12"]
[White "Ohunov, Bobur"]
[Black "Vakhidov, Nodir"]
[Result "0-1"]
[WhiteElo "2147"]
[BlackElo "2042"]
[PlyCount "80"]
[EventDate "2009.09.05"]
[EventType "tourn"]
[EventRounds "13"]
[EventCountry "UZB"]
[SourceTitle "CBM 132 Extra"]
[Source "ChessBase"]
[SourceDate "2009.11.03"]
[SourceVersion "1"]
[SourceVersionDate "2009.11.03"]
[SourceQuality "1"]

1. e4 c5 2. Nc3 Nc6 3. g3 g6 4. Bg2 Bg7 5. d3 e5 6. Be3 d6 7. Qd2 Nge7 8. Bh6 0-0 9. Nge2 Nd4 10. Nxd4 cxd4 11. Ne2 Bg4 12. f3 Be6 13. h4 f6 14. Bxg7 Kxg7 15. Bh3 Bxh3 16. Rxh3 Qb6 17. b3 Rac8 18. a3 d5 19. g4 dxe4 20. fxe4 Qe6 21. Rg3 Rc7 22. Rg2 Rfc8 23. Rc1 Kh8 24. Kd1 f5 25. Qg5 f4 26. Ng1 Kg7 27. Nf3 Rc5 28. h5 h6 29. Qh4 g5 30. Qe1 Rc3 31. Qd2 Nc6 32. Rb1 Na5 33. Rb2 b6 34. Ke2 Nb7 35. Ne1 Nc5 36. Kf3 Nxe4 37. Qe2 Ng3 38. Rxg3 fxg3 39. Kxg3 e4 40. Ng2 e3 0-1

[Event "UZB-ch U20"]
[Site "Navbahor"]
[Date "2009.09.15"]
[Round "11"]
[White "Vakhidov, Nodir"]
[Black "Guseynov, Alihan"]
[Result "1/2-1/2"]
[WhiteElo "2042"]
[BlackElo "2003"]
[PlyCount "114"]
[EventDate "2009.09.05"]
[EventType "tourn"]
[EventRounds "13"]
[EventCountry "UZB"]
[SourceTitle "CBM 132 Extra"]
[Source "ChessBase"]
[SourceDate "2009.11.03"]
[SourceVersion "1"]
[SourceVersionDate "2009.11.03"]
[SourceQuality "1"]

1. d4 Nf6 2. c4 g6 3. Nc3 Bg7 4. e4 d6 5. f3 Nbd7 6. Be3 c6 7. Qd2 0-0 8. 0-0-0 a6 9. Nge2 b5 10. g4 Qa5 11. Ng3 Rb8 12. Kb1 bxc4 13. h4 c5 14. g5 Ne8 15. h5 cxd4 16. Bxd4 Bxd4 17. Qxd4 Qe5 18. hxg6 hxg6 19. Bxc4 Qxd4 20. Rxd4 Ne5 21. Nd5 Nxf3 22. Nxe7+ Kg7 23. Rd3 Nxg5 24. Nxc8 Rxc8 25. Bxa6 Rc6 26. Bb7 Rb6 27. Bd5 Nf6 28. Rg1 Nfh7 29. Rc1 Nf6 30. Rg1 Nfh7 31. Rc3 Kf6 32. Rf1+ Ke5 33. Rc7 Nf6 34. Re7+ Ne6 35. Bb3 Rb4 36. Rf3 Nxe4 37. Nxe4 Kxe4 38. Rf1 Rbb8 39. Bxe6 fxe6 40. Rxe6+ Kd5 41. Rxf8 Rxf8 42. Rxg6 Rf2 43. a4 Kc5 44. a5 Kb5 45. Rxd6 Kxa5 46. Ka2 Kb4 47. Rd4+ Kc5 48. Rh4 Kb5 49. Ka3 Rf5 50. b3 Rg5 51. Rh8 Ka5 52. b4+ Ka6 53. Ka4 Rg6 54. b5+ Kb6 55. Rb8+ Ka7 56. Rf8 Kb6 57. Rf4 Rh6 1/2-1/2

[Event "UZB-ch U20"]
[Site "Navbahor"]
[Date "2009.09.13"]
[Round "9"]
[White "Vakhidov, Nodir"]
[Black "Golubev, Roman"]
[Result "1/2-1/2"]
[WhiteElo "2042"]
[BlackElo "2052"]
[PlyCount "91"]
[EventDate "2009.09.05"]
[EventType "tourn"]
[EventRounds "13"]
[EventCountry "UZB"]
[SourceTitle "CBM 132 Extra"]
[Source "ChessBase"]
[SourceDate "2009.11.03"]
[SourceVersion "1"]
[SourceVersionDate "2009.11.03"]
[SourceQuality "1"]

1. c4 e6 2. g3 d5 3. cxd5 exd5 4. Bg2 Nf6 5. Nf3 Be7 6. 0-0 0-0 7. a3 c5 8. d3 Nc6 9. b3 Bg4 10. h3 Bf5 11. Bb2 Qd7 12. Kh2 Rfe8 13. Nbd2 d4 14. Nc4 Nd5 15. e4 dxe3 16. fxe3 Bg6 17. e4 Nc7 18. Nce5 Nxe5 19. Nxe5 Qe6 20. Nxg6 hxg6 21. a4 Rad8 22. Qc2 Na6 23. Bc3 Bf6 24. e5 Bxe5 25. Rae1 Qd6 26. Bxe5 Rxe5 27. Qc4 Rd7 28. Rxe5 Qxe5 29. Be4 Nb4 30. Bxg6 Nd5 31. Qe4 Qxe4 32. Bxe4 Nf6 33. Bf5 Re7 34. Rf2 b6 35. Kg2 Nd5 36. Be4 Nc7 37. Rf5 g6 38. Rf2 Rd7 39. Rd2 Ne6 40. Bc6 Re7 41. Bb5 Nd4 42. Bc4 Kg7 43. Rf2 f5 44. g4 Re3 45. gxf5 Nxf5 46. Rf4 1/2-1/2

[Event "UZB-ch U20"]
[Site "Navbahor"]
[Date "2009.09.08"]
[Round "4"]
[White "Khoroshev, Nikita"]
[Black "Vakhidov, Nodir"]
[Result "1-0"]
[WhiteElo "2208"]
[BlackElo "2042"]
[PlyCount "79"]
[EventDate "2009.09.05"]
[EventType "tourn"]
[EventRounds "13"]
[EventCountry "UZB"]
[SourceTitle "CBM 132 Extra"]
[Source "ChessBase"]
[SourceDate "2009.11.03"]
[SourceVersion "1"]
[SourceVersionDate "2009.11.03"]
[SourceQuality "1"]

1. d4 Nf6 2. c4 g6 3. Nc3 d5 4. Nf3 Bg7 5. e3 0-0 6. Qb3 c6 7. Bd2 h6 8. a4 e6 9. Bd3 Nbd7 10. 0-0 Re8 11. Rfd1 Qc7 12. Rac1 Qb8 13. cxd5 exd5 14. a5 a6 15. Na4 Qd6 16. Be1 Qe6 17. Nd2 Bf8 18. Nf1 Bd6 19. f3 Nf8 20. Nc5 Qe7 21. Qc3 Ne6 22. b4 Bxc5 23. bxc5 Nc7 24. Qc2 Nb5 25. Bf2 Be6 26. Ng3 Rad8 27. Re1 Kg7 28. Qb2 h5 29. e4 dxe4 30. fxe4 Kg8 31. h3 h4 32. Nf5 gxf5 33. exf5 Qd7 34. fxe6 Rxe6 35. Qd2 Nxd4 36. Qg5+ Kf8 37. Qh6+ Ke7 38. Bc4 Nf5 39. Qg5 Kf8 40. Rxe6 1-0

[Event "UZB-ch U20"]
[Site "Navbahor"]
[Date "2009.09.06"]
[Round "2"]
[White "Vakhidov, Nodir"]
[Black "Faizulaev, Akmal"]
[Result "1/2-1/2"]
[WhiteElo "2042"]
[BlackElo "2306"]
[PlyCount "61"]
[EventDate "2009.09.05"]
[EventType "tourn"]
[EventRounds "13"]
[EventCountry "UZB"]
[SourceTitle "CBM 132 Extra"]
[Source "ChessBase"]
[SourceDate "2009.11.03"]
[SourceVersion "1"]
[SourceVersionDate "2009.11.03"]
[SourceQuality "1"]

1. d4 Nf6 2. c4 e6 3. Nc3 Bb4 4. Qc2 0-0 5. Nf3 c5 6. dxc5 Na6 7. a3 Bxc3+ 8. Qxc3 Nxc5 9. e3 b6 10. Be2 Bb7 11. 0-0 Rc8 12. b4 Nce4 13. Qb3 d5 14. Bb2 dxc4 15. Bxc4 Nd5 16. Rac1 Ng5 17. Be2 Qe7 18. Rxc8 Rxc8 19. Rc1 Rd8 20. Nxg5 Qxg5 21. Bf3 h6 22. g3 Ba8 23. Bg2 Nf6 24. Bxa8 Rxa8 25. Bxf6 Qxf6 26. Qc3 Qg5 27. h4 Qg4 28. Qc4 Qf5 29. Qc2 Qg4 30. Qc4 Qf5 31. Qc2 1/2-1/2